নারী ও শিশু নির্যাতন দমন আইন, ২০০০ এবং প্রাসঙ্গিক অন্যান্য আইনসমূহ : [সর্বশেষ সংশোধনীসহ] /
Commentary on law to contain oppression of women and children in Bangladesh.
| Hlavní autor: | |
|---|---|
| Médium: | Kniha |
| Jazyk: | Bengali English |
| Vydáno: |
ঢাকা :
নিউ ওয়ার্সী বুক কর্পোরেশন,
২০১৬
|
| Vydání: | সর্বশেষ সংস্করণ ২০১৬ |
| Témata: | |
| Classic Catalogue: | View this record in Classic Catalogue |
| LEADER | 02253nam a22004454a 4500 | ||
|---|---|---|---|
| 001 | 34222 | ||
| 003 | BD-DhAAL | ||
| 005 | 20211125115521.0 | ||
| 008 | 190127t19992016bg a l 000 0 beno | ||
| 999 | |c 40384 |d 40384 | ||
| 010 | |a 2010345101 | ||
| 020 | |z 98484660017 | ||
| 025 | |a B-B-2010-345101; 24 | ||
| 037 | |b Library of Congress -- New Delhi Overseas Office |c Tk150.00 | ||
| 040 | |a DLC |c DLC |d DLC |d BD-DhAAL | ||
| 041 | |a ben |a eng | ||
| 042 | |a lcode | ||
| 043 | |a a-bg--- | ||
| 050 | 0 | 0 | |a KNG516.A312 |b A65 2009 |
| 082 | |a 345.49206134 |2 19 | ||
| 100 | 1 | |a আজাদ, এ, কে, |9 29793 | |
| 245 | 1 | 0 | |a নারী ও শিশু নির্যাতন দমন আইন, ২০০০ এবং প্রাসঙ্গিক অন্যান্য আইনসমূহ : |b [সর্বশেষ সংশোধনীসহ] / |c এ, কে, আজাদ |
| 250 | |a সর্বশেষ সংস্করণ ২০১৬ | ||
| 260 | |a ঢাকা : |b নিউ ওয়ার্সী বুক কর্পোরেশন, |c ২০১৬ | ||
| 300 | |a ৩৩৬ পৃষ্ঠা : |b চিএ ; |c ২১ সে.মি. | ||
| 520 | |a Commentary on law to contain oppression of women and children in Bangladesh. | ||
| 526 | |a SOL | ||
| 541 | |a Development Book Agency |e 31222, 31223 | ||
| 546 | |a In Bengali. | ||
| 650 | 0 | |a Women |x Legal status, laws, etc. |z Bangladesh. |9 29794 | |
| 650 | 0 | |a Women's rights |z Bangladesh. |9 29795 | |
| 650 | 0 | |a Children |x Legal status, laws, etc. |z Bangladesh. |9 29796 | |
| 650 | 0 | |a Children's rights |z Bangladesh. |9 29797 | |
| 650 | 0 | |a Abused women |x Legal status, laws, etc. |z Bangladesh. |9 29798 | |
| 650 | 0 | |a Child abuse |z Bangladesh. |9 29799 | |
| 650 | 0 | |a Law. |9 43162 | |
| 852 | |a Ayesha Abed Library |c General Stacks | ||
| 942 | |2 ddc |c BK | ||
| 952 | |0 0 |1 0 |2 ddc |4 0 |6 345_492061340000000_AJA |7 0 |9 64906 |a BRACUL |b BRACUL |c GEN |d 2019-01-06 |e Development Book Agency |g 450.00 |l 5 |m 32 |o 345.49206134 AJA |p 3010034223 |r 2025-06-22 |s 2025-03-10 |t 2 |v 450.00 |w 2019-01-06 |y BK |x Koha Inventory 2020 | ||
| 952 | |0 0 |1 0 |2 ddc |4 0 |6 345_492061340000000_AJA |7 0 |9 64907 |a BRACUL |b BRACUL |c GEN |d 2019-01-06 |e Development Book Agency |g 450.00 |l 3 |m 37 |o 345.49206134 AJA |p 3010034222 |r 2023-04-26 |s 2023-04-10 |t 1 |v 450.00 |w 2019-01-06 |y BK | ||